Técnica de la exploración roentgenoscópica y roentgenográfica / (Record no. 42238)

MARC details
000 -LEADER
campo de control de longitud fija 00550nam a2200157 i 4500
001 - NÚMERO DE CONTROL
campo de control 42238
003 - IDENTIFICADOR DE NÚMERO DE CONTROL
campo de control ES-MaACL
007 - CAMPO FIJO DE DESCRIPCIÓN FÍSICA--INFORMACIÓN GENERAL
campo de control de longitud fija t|
008 - DATOS DE LONGITUD FIJA--INFORMACIÓN GENERAL
campo de control de longitud fija 030313s1944 sp ||||1| spa d
100 1# - ENTRADA PRINCIPAL--NOMBRE DE PERSONA
Nombre de persona Castillo, Ernesto.
9 (RLIN) 36683
245 10 - MENCIÓN DEL TÍTULO
Título Técnica de la exploración roentgenoscópica y roentgenográfica /
Mención de responsabilidad, etc. por Ernesto Castillo ; con un prólogo de Carlos Gil y Gil.
260 ## - PUBLICACIÓN, DISTRIBUCIÓN, ETC.
Lugar de publicación, distribución, etc. Barcelona :
Nombre del editor, distribuidor, etc. Labor,
Fecha de publicación, distribución, etc. 1944 (
Fabricante Talls. Gráfs. Iberoamericanos)
300 ## - DESCRIPCIÓN FÍSICA
Extensión XI, 745 p. ;
Dimensiones 25 cm.
700 1# - ENTRADA AGREGADA--NOMBRE PERSONAL
Nombre de persona Gil y Gil, Carlos.
9 (RLIN) 56895
852 ## - LOCALIZACIÓN
Ubicación ES-MaACL
Número de control de estantería E-18
Sublocalización o colección R.21439
Holdings
Estatus retirado Estado de pérdida Estado de daño No para préstamo Biblioteca de origen Biblioteca actual Ubicación en estantería Fecha de adquisición Fuente de adquisición Total de préstamos Signatura topográfica completa Código de barras Visto por última vez Precio de reemplazo Tipo de ítem Koha
        Biblioteca del Ateneo de Madrid Biblioteca del Ateneo de Madrid Depósito 2 17/01/2008     E-18 1044453 23/02/2023 23/02/2023 Libro impreso